(Record no. 184185)
[ view plain ]
| 000 -CABECERA | |
|---|---|
| campo de control de longitud fija | 01630nam a2200241Ia 4500 |
| 001 - NÚMERO DE CONTROL | |
| campo de control | IA_Unfortunately the analysis of factory scene in the sugar industry is disappointing, due to it only has a current capacity of sugar production that exceeds by little the domestic demand and that the sugar production has declined. The milling capacity analysis indicates that Mexico has a production capacity on sugar factories, which is equivalent to the estimate to 2016. If it is reducing downtime in a 10%, it may cover the estimated to 2017, and if it is reducing downtime to the minimum, factory has a capacity to 2018. It is clear that it is necessary take joint action either in field or in factories in order to achieve the potential of production and increase production capacity at factory which help México to become a surplus producer and take advantage from exports. |
| 008 - DATOS DE LONGITUD FIJA--INFORMACIÓN GENERAL | |
| campo de control de longitud fija | 220117s xx 000 0 und d |
| 010 ## - NÚMERO DE CONTROL DE LA BIBLIOTECA DEL CONGRESO | |
| Número de control de LC | 184185 |
| 530 ## - NOTA DE FORMATO FÍSICO ADICIONAL DISPONIBLE | |
| Nota de formato físico adicional disponible | Disponible en PDF |
| 583 ## - NOTA DE ACCIÓN | |
| Acción | 1 ej. imp. ; 2 ej. en CD |
| 650 ## - PUNTO DE ACCESO ADICIONAL DE MATERIA--TÉRMINO DE MATERIA | |
| Término de materia o nombre geográfico como elemento de entrada | Azúcar de caña |
| Subdivisión general | Producción |
| 9 (RLIN) | 156497 |
| 650 ## - PUNTO DE ACCESO ADICIONAL DE MATERIA--TÉRMINO DE MATERIA | |
| Término de materia o nombre geográfico como elemento de entrada | Cane sugar |
| Subdivisión general | Production |
| 9 (RLIN) | 156498 |
| 650 ## - PUNTO DE ACCESO ADICIONAL DE MATERIA--TÉRMINO DE MATERIA | |
| Término de materia o nombre geográfico como elemento de entrada | Food production |
| Subdivisión general | Prediction |
| 9 (RLIN) | 156499 |
| 650 #7 - PUNTO DE ACCESO ADICIONAL DE MATERIA--TÉRMINO DE MATERIA | |
| Término de materia o nombre geográfico como elemento de entrada | Industria azucarera |
| Subdivisión geográfica | México |
| Fuente del encabezamiento o término | |
| 9 (RLIN) | 57791 |
| 650 ## - PUNTO DE ACCESO ADICIONAL DE MATERIA--TÉRMINO DE MATERIA | |
| Término de materia o nombre geográfico como elemento de entrada | Producción de alimentos |
| Subdivisión general | Predicción |
| 9 (RLIN) | 156500 |
| 650 #0 - PUNTO DE ACCESO ADICIONAL DE MATERIA--TÉRMINO DE MATERIA | |
| Término de materia o nombre geográfico como elemento de entrada | Sugar industry |
| Subdivisión geográfica | Mexico |
| 9 (RLIN) | 148429 |
| 700 ## - PUNTO DE ACCESO ADICIONAL--NOMBRE DE PERSONA | |
| Nombre de persona | Esparza Torres, Félix, asesor |
| 9 (RLIN) | 163648 |
| 700 ## - PUNTO DE ACCESO ADICIONAL--NOMBRE DE PERSONA | |
| Nombre de persona | García Chavez, Luis Ramiro, dir. |
| 700 ## - PUNTO DE ACCESO ADICIONAL--NOMBRE DE PERSONA | |
| Nombre de persona | Valle Guadarrama, Salvador, asesor |
| 9 (RLIN) | 157554 |
| 942 ## - ELEMENTOS DE PUNTO DE ACCESO ADICIONAL (KOHA) | |
| Tipo de ítem Koha | |
No items available.
